000 00597nam a2200193Ia 4500
003 GCL
008 140319s9999 xx 000 0 ara d
040 _aGCL /
_cGCL
082 0 4 _aم
_b398.903
_bت م
100 1 _aنعيم عاشور
245 1 0 _aمعجم الامثال المقارنة انجليزى - عربى /
_cنعيم عاشور
700 1 _aتيسير الكيلانى
260 _a[S.N] :
_bمكتبة لبنان ،
_c1991
300 _a392
650 0 4 _aالادب الشعبى
650 0 4 _aالامثال العامية
650 0 4 _aالمعاجم
942 _2ddc
_cREF
999 _c59546
_d59546